Online Catalogue and eLibrary

Child and adolescent development (Record no. 3056)

MARC details
000 -LEADER
fixed length control field 00463nam a2200181Ia 4500
005 - DATE AND TIME OF LATEST TRANSACTION
control field 20240903012551.0
008 - FIXED-LENGTH DATA ELEMENTS--GENERAL INFORMATION
fixed length control field 240331s9999 xx 000 0 und d
020 ## - INTERNATIONAL STANDARD BOOK NUMBER
ISBN 0673151034
082 ## - DDC Classification
Item Number - Author Mark SAR
Class No. 649.2
100 ## - MAIN ENTRY--PERSONAL NAME
Personal name Sarafino, E.P
245 #0 - TITLE STATEMENT
Title Child and adolescent development
260 ## - PUBLICATION, DISTRIBUTION, ETC.
Place of publication, distribution, etc. America
Name of publisher, distributor, etc. Scott, Foresman and company
Date of publication, distribution, etc. 1980
300 ## - PHYSICAL DESCRIPTION
Extent (e.g. Volumes, Pages etc.) 605 p .,
650 ## - SUBJECT ADDED ENTRY--TOPICAL TERM
Topical term or geographic name entry element Child Development
650 ## - SUBJECT ADDED ENTRY--TOPICAL TERM
Topical term or geographic name entry element Socialization
650 ## - SUBJECT ADDED ENTRY--TOPICAL TERM
Topical term or geographic name entry element Adolescence
942 ## - Koha item type (Biblio)
Koha item type Books in Stacks (Lending)
Holdings
Lost status Damaged status Collection code Home library Current library Shelving location Date acquired Full call number Accession Number Item type
    Lending WERC Library WERC Library Social Science Cupboard 03/31/2024 649.2 SAR 263 Books in Stacks (Lending)

© WERC Library